[Event "Olomouc Chess Summer 2012 - Open Olomou"]
[Site "Olomouc (CZE), Hotel Flora"]
[Date "2012.08.05"]
[Round "4.1"]
[White "Piscopo, Pierluigi"]
[Black "Sivuk, Vitaly"]
[Result "1/2-1/2"]
[WhiteElo "2364"]
[BlackElo "2480"]
[PlyCount "116"]
[EventDate "2012.08.02"]

1. e4 c5 2. Nf3 e6 3. c3 Nf6 4. e5 Nd5 5. g3 Nc6 6. Bg2 d6 7. exd6 Bxd6 8. O-O
O-O 9. d4 cxd4 10. Nxd4 Bd7 11. c4 Nde7 12. Nf3 Qc7 13. Nc3 Ne5 14. Ng5 Nxc4
15. Nce4 h6 16. Nxd6 Qxd6 17. Qxd6 Nxd6 18. Rd1 hxg5 19. Rxd6 Bc6 20. Bxc6 Nxc6
21. Bxg5 Ne5 22. Bf4 Nc4 23. Rd7 e5 24. Be3 b6 25. b3 Nxe3 26. fxe3 a5 27. Rd5
Rfe8 28. Rb5 Re6 29. Rc1 Rd8 30. Rc2 Rd1+ 31. Kf2 f6 32. a4 Rb1 33. e4 Rd6 34.
Rd5 Rxd5 35. exd5 Rxb3 36. Rc8+ Kf7 37. Rc7+ Kf8 38. d6 Rd3 39. Rc6 Ke8 40.
Rxb6 Rd4 41. h4 Rxa4 42. Rb7 g6 43. Re7+ Kf8 44. Re6 Kg7 45. Re7+ Kh6 46. Re6
Rd4 47. Rxf6 a4 48. Re6 Rd5 49. d7 Rxd7 50. Ra6 Rd2+ 51. Ke3 Ra2 52. Ke4 Ra1
53. Kxe5 a3 54. Kf4 a2 55. Kg4 Kh7 56. Kg5 Rg1 57. Ra7+ Kg8 58. Rxa2 Rxg3+
1/2-1/2